000
00295nam a22001337a 4500
008
171005b xxu||||| |||| 00| 0 eng d
020
_a
9780877287186
041
_a
eng
080
_a
519.9
100
_a
48
101
_a
PSI
245
_a
PSYCHOLOGICAL ASTROLOGY
_c
ZONDAG,K.H
942
_2
udc
_c
BK
999
_c
31850
_d
31850